000 00308nam a2200145Ia 4500
100 _aFreeze/ Wayne S
942 _cBK
654 _acomputer
245 _aExpert Guide to Visual Basic 6
260 _bB.P.B
_aMumbai
_c1999
082 _a5.133
_bFRE
300 _a907
546 _aENGLISH
999 _c26662
_d26662